[Event "Autumn Leisure 2009: 1600-2000"]
[Site "SchemingMind.com"]
[Date "2009.10.07"]
[Round "-"]
[White "gianni"]
[Black "Kenny Elliott"]
[Result "1-0"]
[WhiteCountry "NED"]
[BlackCountry "USA"]
[WhiteElo "1632"]
[WhiteRD "88"]
[BlackElo "1564"]
[BlackRD "81"]
[GameID "222226"]

1. e4 c5 2. Nc3 Nc6 3. Bc4 Nf6 4. Nf3 e6 5. d3 Be7 6. O-O O-O 7. e5 Ng4 8. Ne4 Ngxe5 9. b3 d5 10. Bxd5 exd5
11. Nxe5 Nxe5 12. Ng3 Be6 13. f4 Nc6 14. f5 Bd7 15. Bb2 Bf6 16. Bxf6 Qxf6 17. Nh5 Qg5 18. f6 Bg4 19. Qc1 Bxh5 20. Qxg5 Bg6
21. fxg7 Kxg7 22. h4 Kh8 23. h5 Rae8 24. hxg6 hxg6 25. Rf3 Kg8 26. Rh3 Kg7 27. Rf1 f5 28. Qh6+ Kf7 29. Qh7+ Kf6 30. Qxb7 Nd4
31. Qxd5 Nf3+ 32. Rfxf3
1-0

[Event "Autumn Leisure 2009: 1600-2000"]
[Site "SchemingMind.com"]
[Date "2009.10.07"]
[Round "-"]
[White "gianni"]
[Black "dadshane2000"]
[Result "0-1"]
[WhiteCountry "NED"]
[BlackCountry "USA"]
[WhiteElo "1503"]
[WhiteRD "85"]
[BlackElo "1959"]
[BlackRD "85"]
[GameID "222227"]

1. e4 e5 2. f4 Bc5 3. Nf3 d6 4. fxe5 dxe5 5. c3 f5 6. Nxe5 Qh4+ 7. g3 Qxe4+ 8. Qe2 Qxe2+ 9. Bxe2 Be6 10. d4 Be7
11. Bf3 c6 12. O-O Nf6 13. Bg5 Nbd7 14. Nxd7 Kxd7 15. Nd2 Rhf8 16. Rae1 h6 17. Bxf6 Bxf6 18. a4 Bd5 19. Bxd5 cxd5 20. b4 Rac8
21. Rc1 Bg5 22. Rf2 Be3 23. Kg2 Bxf2 24. Kxf2 f4 25. Nf3 fxg3+ 26. hxg3 Rce8 27. Kg2 Re2+ 28. Kh3 Rxf3 29. b5 Ree3 30. Rg1 Rxc3
31. Kg4 Rfd3 32. Kh4 Rxd4+
0-1

[Event "Autumn Leisure 2009: 1600-2000"]
[Site "SchemingMind.com"]
[Date "2009.10.06"]
[Round "-"]
[White "gianni"]
[Black "keen"]
[Result "0-1"]
[WhiteCountry "NED"]
[BlackCountry "SCO"]
[WhiteElo "1632"]
[WhiteRD "88"]
[BlackElo "1655"]
[BlackRD "55"]
[GameID "222228"]

1. e4 c5 2. Nc3 g6 3. Bc4 Bg7 4. Nf3 Nc6 5. O-O d6 6. Ng5 e6 7. f4 Nf6 8. f5 Nxe4 9. Ngxe4 d5 10. Nxc5 dxc4
11. N3e4 exf5 12. Ng5 Qxg5 13. d4 Qf6 14. c3 O-O 15. Bf4 b6 16. d5 bxc5 17. dxc6 Rd8 18. Qf3 Rd3 19. Qf2 Qxc6 20. Rad1 Bb7
21. Rxd3 Re8 22. Rg3 Bf6 23. Rd1 Bh4 24. Rd6 Qe4 25. Qd2 Bxg3 26. Bxg3 h5 27. h4 Qg4 28. Rd8 Rxd8 29. Qxd8+ Kh7 30. Qd7 Qxg3
31. Qxf7+ Kh6 32. Qxb7 Qe1+ 33. Kh2 Qxh4+ 34. Kg1 Qe1+ 35. Kh2 Qe5+ 36. g3 Qe2+ 37. Kg1 Qe1+ 38. Kg2 Qe4+ 39. Qxe4 fxe4 40. Kf2 Kg5
41. b3 cxb3 42. axb3 Kf5 43. c4 a5 44. Ke3 g5 45. Kd2 h4 46. gxh4 gxh4 47. Ke3 h3 48. Kf2 Kf4
0-1

[Event "Autumn Leisure 2009: 1600-2000"]
[Site "SchemingMind.com"]
[Date "2009.10.06"]
[Round "-"]
[White "gianni"]
[Black "Mitchell-in"]
[Result "0-1"]
[WhiteCountry "NED"]
[BlackCountry "ENG"]
[WhiteElo "1503"]
[WhiteRD "85"]
[BlackElo "1840"]
[BlackRD "63"]
[GameID "222229"]

1. e4 e5 2. f4 Bc5 3. Nf3 d6 4. Bc4 Nf6 5. fxe5 dxe5 6. Nxe5 Qd4 7. Rf1 Qxe5 8. c3 Qxe4+ 9. Be2 Qh4+ 10. g3 Qxh2
11. d4 Qxg3+ 12. Kd2 Bd6 13. Kc2 O-O 14. Bh6 Qg6+ 15. Bd3 Qxh6 16. Nd2 Bg4 17. Qe1 Nc6 18. Rh1 Qf4 19. Qh4 Bf5 20. Qxf4 Bxd3+
21. Kxd3 Bxf4 22. Nf3 Rad8 23. Rag1 Ne5+ 24. Ke2 Nxf3 25. Kxf3 Bd6 26. Rg5 Rfe8 27. Rhg1 g6
0-1

[Event "Autumn Leisure 2009: 1600-2000"]
[Site "SchemingMind.com"]
[Date "2009.10.06"]
[Round "-"]
[White "gianni"]
[Black "1tamad"]
[Result "0-1"]
[WhiteCountry "NED"]
[BlackCountry "USA"]
[WhiteElo "1503"]
[WhiteRD "85"]
[BlackElo "1684"]
[BlackRD "70"]
[GameID "222230"]

1. e4 d6 2. Nc3 c5 3. Bc4 Nc6 4. Nf3 e6 5. O-O Nf6 6. d4 cxd4 7. Nxd4 Be7 8. f4 O-O 9. f5 Qb6 10. Nb5 a6
11. fxe6 axb5 12. exf7+ Kh8 13. Be3 bxc4 14. Nf5 Qc7 15. Bf4 Bxf5 16. exf5 Ne5 17. b3 Nxf7 18. Qd4 b5 19. Rfe1 Rfe8 20. h3 Qa7
21. Qxa7 Rxa7 22. g4 d5 23. g5 Nh5 24. Bh2 Nxg5 25. Kg2 Nf6 26. Be5 Nge4 27. Bd4 Bc5 28. Bxf6 Nxf6 29. Rxe8+ Nxe8 30. Re1 Nf6
31. Kf3 Re7 32. Re6 Rxe6 33. fxe6 Kg8 34. Kf4 Kf8 35. Kf5 Ke7 36. c3 g6+ 37. Ke5 Bd6+ 38. Kd4 Kxe6 39. bxc4 dxc4 40. a4 bxa4
41. Kxc4 a3 42. Kb3 Kd5 43. h4 h5 44. Ka2 Kc4 45. Kb1 Kxc3
0-1

[Event "Autumn Leisure 2009: 1600-2000"]
[Site "SchemingMind.com"]
[Date "2009.10.07"]
[Round "-"]
[White "gianni"]
[Black "Archon"]
[Result "1-0"]
[WhiteCountry "NED"]
[BlackCountry "CAN"]
[WhiteElo "1637"]
[WhiteRD "87"]
[BlackElo "1620"]
[BlackRD "61"]
[GameID "222231"]

1. e4 d6 2. Nc3 Nf6 3. d4 g6 4. Bc4 Bg7 5. e5 dxe5 6. d5 O-O 7. Bg5 Nbd7 8. Nge2 Nb6 9. Bb3 Bg4 10. f3 Bc8
11. Qd2 Qe8 12. Ng3 Nfd7 13. O-O Nc5 14. Nce4 Nxe4 15. Nxe4 e6 16. Bh6 Bxh6 17. Nf6+
1-0

[Event "Autumn Leisure 2009: 1600-2000"]
[Site "SchemingMind.com"]
[Date "2009.10.06"]
[Round "-"]
[White "gianni"]
[Black "tiggeronvrb"]
[Result "0-1"]
[WhiteCountry "NED"]
[BlackCountry "SCO"]
[WhiteElo "1637"]
[WhiteRD "87"]
[BlackElo "1834"]
[BlackRD "77"]
[GameID "222233"]

1. e4 c6 2. Nc3 d5 3. d4 dxe4 4. Nxe4 Bf5 5. Ng3 Bg6 6. Nf3 Nd7 7. Bc4 Ngf6 8. O-O e6 9. Bg5 Bd6 10. Ne4 Bxe4
11. Re1 Bd5 12. Bxd5 cxd5 13. Ne5 Qc7 14. f4 O-O 15. Nxd7 Nxd7 16. Qg4 f5 17. Qg3 Rae8 18. c3 Nf6 19. Re3 Ne4 20. Qh4 Be7
21. Rh3 Nxg5 22. fxg5 h6 23. Qg3 Qxg3 24. Rxg3 Bxg5 25. Re1 Re7 26. b4 Bh4 27. Rxg7+ Kxg7 28. g3 Bf6 29. a4 Rc8 30. Rc1 Bxd4+
0-1

[Event "Autumn Leisure 2009: 1600-2000"]
[Site "SchemingMind.com"]
[Date "2009.10.07"]
[Round "-"]
[White "gianni"]
[Black "Brian Acebo"]
[Result "0-1"]
[WhiteCountry "NED"]
[BlackCountry "USA"]
[WhiteElo "1503"]
[WhiteRD "85"]
[BlackElo "1533"]
[BlackRD "68"]
[GameID "222234"]

1. e4 c5 2. Nc3 Nc6 3. Bc4 e6 4. Nf3 Nf6 5. O-O Be7 6. d4 cxd4 7. Nxd4 O-O 8. Nxc6 bxc6 9. e5 Nd5 10. Qg4 Re8
11. Ne4 g6 12. Bxd5 cxd5 13. Nf6+ Bxf6 14. exf6 Qxf6 15. Bg5 Qxb2 16. h4 Qxc2 17. h5 f5 18. Qd4 Rf8 19. hxg6 hxg6 20. Rfe1 Rf7
21. Bd2 Kf8 22. Qh8+ Ke7 23. Bb4+ d6 24. Qe5 Qc6 25. Rac1 Qb6
0-1

[Event "Autumn Leisure 2009: 1600-2000"]
[Site "SchemingMind.com"]
[Date "2009.10.07"]
[Round "-"]
[White "Kenny Elliott"]
[Black "gianni"]
[Result "1-0"]
[WhiteCountry "USA"]
[BlackCountry "NED"]
[WhiteElo "1616"]
[WhiteRD "79"]
[BlackElo "1503"]
[BlackRD "85"]
[GameID "222235"]

1. d4 Nf6 2. c4 e6 3. Nc3 Bb4 4. Bd2 Bxc3 5. Bxc3 d5 6. e3 Nc6 7. Nf3 O-O 8. cxd5 Nxd5 9. Bd3 b6 10. O-O Bb7
11. Qc2 Nf6 12. Rad1 Qd6 13. Ne5 Qd5 14. Nxc6 Bxc6 15. e4 Qg5 16. d5 exd5 17. exd5 Bxd5 18. g3 Bf3 19. Bxf6 Qxf6 20. Bxh7+ Kh8
21. Be4 Bxe4 22. Qxe4 Rfe8 23. Qc2 Qf3 24. Qxc7 g6 25. Rd7 Rac8 26. Qxa7 Kg7 27. Qxb6 Rb8 28. Qd4+ Kg8 29. a4 Qb3 30. Qf4 Rb4
31. Rd4 Rbb8 32. a5 f5 33. Qh6 Kf7 34. Qh7+
1-0

[Event "Autumn Leisure 2009: 1600-2000"]
[Site "SchemingMind.com"]
[Date "2009.10.07"]
[Round "-"]
[White "dadshane2000"]
[Black "gianni"]
[Result "1-0"]
[WhiteCountry "USA"]
[BlackCountry "NED"]
[WhiteElo "1959"]
[WhiteRD "85"]
[BlackElo "1503"]
[BlackRD "85"]
[GameID "222236"]

1. e4 e5 2. Nf3 Nc6 3. Bb5 a6 4. Ba4 b5 5. Bb3 Bc5 6. c3 Qf6 7. O-O h5 8. d3 h4 9. Bg5 Qg6 10. Bxh4 Qh5
11. Nbd2 g5 12. Bg3 g4 13. Nh4 Be7 14. Nf5 Bf6 15. f3 Nh6 16. Nxh6 Qxh6 17. fxg4 Bh4 18. Bxf7+ Kd8 19. Bxh4+ Qxh4 20. h3 d6
21. Bd5 Bd7 22. Rf7 Kc8 23. Bxc6 Bxc6 24. Qf3 Kb7 25. Rf1 a5 26. Qf2 Qh6 27. Nf3 Rag8 28. Nh2 Kc8 29. Qa7 Bb7 30. Rxc7+ Kxc7
31. Rf7+
1-0

[Event "Autumn Leisure 2009: 1600-2000"]
[Site "SchemingMind.com"]
[Date "2009.10.07"]
[Round "-"]
[White "keen"]
[Black "gianni"]
[Result "0-1"]
[WhiteCountry "SCO"]
[BlackCountry "NED"]
[WhiteElo "1604"]
[WhiteRD "56"]
[BlackElo "1637"]
[BlackRD "87"]
[GameID "222237"]

1. e4 e5 2. Nf3 Nf6 3. Nxe5 d6 4. Nf3 Nxe4 5. Nc3 Nf6 6. d4 Be6 7. Bg5 g6 8. Be2 Bg7 9. O-O O-O 10. Re1 Qd7
11. Qd2 Nh5 12. Rad1 a6 13. a3 Nc6 14. d5 Ne5 15. dxe6 fxe6 16. Nxe5 Bxe5 17. Bxh5 Rf5 18. g4 Bxc3 19. bxc3 Rd5 20. Qxd5 exd5
21. Re7 Qb5 22. Bf6 gxh5 23. Rg7+ Kf8 24. Rxh7 Re8 25. Rxh5 Qe2 26. Rd4 Re4 27. Rxe4 dxe4 28. Rh8+ Kf7 29. g5 e3 30. Rh7+ Kg6
31. Bd4 Qxf2+
0-1

[Event "Autumn Leisure 2009: 1600-2000"]
[Site "SchemingMind.com"]
[Date "2009.10.07"]
[Round "-"]
[White "Mitchell-in"]
[Black "gianni"]
[Result "1-0"]
[WhiteCountry "ENG"]
[BlackCountry "NED"]
[WhiteElo "1890"]
[WhiteRD "61"]
[BlackElo "1637"]
[BlackRD "87"]
[GameID "222238"]

1. e4 e5 2. Nf3 f5 3. Bc4 fxe4 4. Nxe5 Qf6 5. Nf7 Bc5 6. O-O Ne7 7. Nxh8 d5 8. Bxd5 Nxd5 9. Qh5+ Kf8 10. Qxd5 Bd6
11. Nc3 Qf4 12. g3 Qf3 13. Qxe4 Qh5 14. d4 Bf5 15. Qxb7 c6 16. Qxa8 Qf3 17. Qxa7 Bh3 18. Qf7+ Qxf7 19. Nxf7 Kxf7 20. Bf4 Bxf4
21. gxf4 Nd7 22. Rfe1 Nf6 23. Re3 Bf5 24. a4
1-0

[Event "Autumn Leisure 2009: 1600-2000"]
[Site "SchemingMind.com"]
[Date "2009.10.07"]
[Round "-"]
[White "1tamad"]
[Black "gianni"]
[Result "1-0"]
[WhiteCountry "USA"]
[BlackCountry "NED"]
[WhiteElo "1702"]
[WhiteRD "75"]
[BlackElo "1613"]
[BlackRD "91"]
[GameID "222239"]

1. d4 Nf6 2. e3 d5 3. Bd3 Nc6 4. f4 a6 5. c3 e6 6. Nd2 b6 7. Ngf3 h6 8. O-O Bd6 9. Ne5 Bb7 10. Qf3 g5
11. fxg5 hxg5 12. Qxf6 Nxe5 13. Qxh8+ Bf8 14. Qxe5 f6 15. Qxe6+ Qe7 16. Bg6+ Kd8 17. Qxf6 Qxf6 18. Rxf6 Be7 19. Rf1 Kd7 20. Nf3 Rg8
21. Ne5+ Kc8 22. Bf5+ Kb8 23. Be6 Rh8 24. Bd2 Bd6 25. Rf5 Bxe5 26. Rxe5 c6 27. Rxg5 Kc7 28. Rf1 Kd6 29. Bh3 c5 30. Rf6+ Kc7
31. Rg7+ Kb8 32. Rxb6 cxd4 33. Rbxb7+
1-0

[Event "Autumn Leisure 2009: 1600-2000"]
[Site "SchemingMind.com"]
[Date "2009.10.07"]
[Round "-"]
[White "Archon"]
[Black "gianni"]
[Result "1-0"]
[WhiteCountry "CAN"]
[BlackCountry "NED"]
[WhiteElo "1656"]
[WhiteRD "60"]
[BlackElo "1503"]
[BlackRD "85"]
[GameID "222240"]

1. Nf3 Nc6 2. d4 d5 3. g3 Nf6 4. Bg2 g6 5. c4 Bg7 6. O-O O-O 7. Nc3 Be6 8. Bg5 dxc4 9. e4 Bg4 10. Qd2 Bxf3
11. Bxf3 Nxd4 12. Bg2 e5 13. Bh6 Bxh6 14. Qxh6 Ng4 15. Qc1 b5 16. a3 c5 17. Qd1 h5 18. Nd5 Nf6 19. Ne3 Qd7 20. Rb1 Ng4
21. Nd5 Qc6 22. h3 Nf6 23. Ne7+ Kg7 24. Nxc6 Nxc6 25. Qd6 Nd4 26. Qxc5 Rfe8 27. Qb4 a5 28. Qe1 Nc2 29. Qd2 Nd4 30. Rfd1 Nb3
31. Qg5 Nc5 32. f3 Nh7 33. Qe3 Nd3 34. Qb6 b4 35. Bf1 Ng5 36. Bxd3 cxd3 37. Rxd3 Nxh3+ 38. Kg2 Ng5 39. Rc1 Re6 40. Rd6
1-0

[Event "Autumn Leisure 2009: 1600-2000"]
[Site "SchemingMind.com"]
[Date "2009.10.07"]
[Round "-"]
[White "tiggeronvrb"]
[Black "gianni"]
[Result "1-0"]
[WhiteCountry "SCO"]
[BlackCountry "NED"]
[WhiteElo "1834"]
[WhiteRD "77"]
[BlackElo "1637"]
[BlackRD "87"]
[GameID "222242"]

1. e4 e5 2. Nf3 d6 3. d4 exd4 4. Nxd4 Nf6 5. Nc3 b6 6. Bc4 c5 7. Nf3 h6 8. O-O Be6 9. Bxe6 fxe6 10. e5 Ng4
11. exd6 Bxd6 12. Re1 O-O 13. Nb5 Bc7 14. Nxc7 Qxc7 15. h3 Rxf3 16. Qxf3 Ne5 17. Qxa8 Ng6 18. Qe4 Qf7 19. Qxe6 Qxe6 20. Rxe6 Nf8
21. Re2 Nc6 22. c3 b5 23. Bf4 Nd8 24. Bd6 Nde6 25. Rae1 Ng5 26. Re8
1-0

[Event "Autumn Leisure 2009: 1600-2000"]
[Site "SchemingMind.com"]
[Date "2009.10.07"]
[Round "-"]
[White "Brian Acebo"]
[Black "gianni"]
[Result "1-0"]
[WhiteCountry "USA"]
[BlackCountry "NED"]
[WhiteElo "1533"]
[WhiteRD "68"]
[BlackElo "1503"]
[BlackRD "85"]
[GameID "222243"]

1. d4 Nf6 2. c4 g6 3. Nc3 Bg7 4. e3 e6 5. Bd3 b6 6. Nge2 Bb7 7. O-O Nh5 8. b4 e5 9. dxe5 Bxe5 10. Bb2 f5
11. Rb1 Qg5 12. Nd5 Bxb2 13. Rxb2 Nf6 14. Nxf6+ Qxf6 15. Rb3 d6 16. a3 h5 17. h3 h4 18. f3 Nd7 19. a4 Ne5 20. c5 Qg5
21. Kh2 O-O-O 22. Bc2 Nc4 23. Qd3
1-0